000 00504nam a2200169 4500
001 139943
003 ES-MaACL
005 20230906195943.0
007 t|
008 070214s1981 sp r ||||1| spa d
100 1 _aSchmidt, Arno.
_9104464
245 1 3 _aLa república de los sabios /
_cArno Schmidt ; [traducción de Luis Alberto Bixio].
260 _aBarcelona :
_bMinotauro,
_c1981.
300 _a183 p. ;
_c19 cm.
700 1 _aBixio, Alberto Luis.
_929037
852 _aES-MaACL
_jL-3200
_bR.103979
999 _c139943
_d139943